Aventuras do grande capitão do mar em terras do desconhecido (Record no. 45912)

MARC details
000 -Etiqueta do registo
Valores 00547cam a2200181 04500
100 ## - Dados gerais de processamento
Dados gerais 19961127d1941 km y0pory5003 ba
101 0# - Língua de publicação
Língua por
102 ## - País de publicação
País PT
200 1# - Titulo e menção de responsabilidade
Título próprio Aventuras do grande capitão do mar em terras do desconhecido
Primeira menção de responsabilidade Virginia de Castro e Almeida
210 ## - Publicação
Local de publicação Lisboa
Nome do editor Edições S. P. N.,
Data de publicação 1941
215 ## - Descrição física 
Paginação / Volumes 13, [1] p.
Dimensões 25 cm
225 2# - Colecção 
Título próprio da colecção Pátria
Indicação de volume 28
675 ## - CDU
Notação 869.0-311.6 Almeida 7 Aventuras
Edição des
Língua por
700 #1 - Autor principal
Apelido Almeida,
Nome Virgínia de Castro e,
Datas 1874-1945
801 #0 - Fonte de origem
País PT
Agência BN
Regras de catalogação RPC
990 ## - Elementos KOHA
Tipo de documento Livro
Holdings
Aquisição Empréstimo Código de barras Cota Permissão de empréstimo Tipo de documento
Biblioteca Municipal de Redondo Biblioteca Municipal de Redondo 057116 821.134.3-3 ALM   Livro
Biblioteca Municipal de Redondo Biblioteca Municipal de Redondo 057118 821.134.3-3 ALM   Livro

Powered by Koha